000 00872cam a2200217 i 4500
005 20251108164043.0
008 250721s1998 ua gr 000 0 ara d
020 _a9772930142
082 1 4 _a020
_bع ب د
100 1 _aعبد الهادي، محمد فتحي
_eمؤلف.
245 1 0 _aالمكتبات و المعلومات :
_bدراسات في الإعداد المهني و الببلوغرفيا و المعلومات /
_cتأليف دكتورمحد فتحي عبد الهادي.
250 _aالطبعة الاولى.
264 1 _aالقاهرة :
_bالدار العربية،
_c1998.
300 _a265 صفحة.
650 1 7 _aالمكتبات.
650 1 7 _aمراكز المعلومات.
650 1 7 _aالمعلومات.
650 1 7 _aمراكز المواد السمعية و البصرية.
942 _2ddc
_cBK
999 _c2428
_d2428